| 000 | 00328nam a2200109Ia 4500 | ||
|---|---|---|---|
| 008 | 160531s9999 xx 000 0 und d | ||
| 100 | _aMonteiro, Waldemar Alfredo. | ||
| 245 | _aNeutron Scattering | ||
| 245 | _cby Waldemar Alfredo Monteiro (ed.) | ||
| 260 | _c2016 | ||
| 856 | _uhttp://www.intechopen.com/books/neutron-scattering | ||
| 999 |
_c295252 _d295252 |
||